| 000 | 01351cam a2200397 a 4500 | ||
|---|---|---|---|
| 001 | 81479 | ||
| 005 | 20230410133043.0 | ||
| 008 | 030423s2004 maua b 001 0 eng | ||
| 010 | _a 2003051308 | ||
| 035 | _a(OCoLC)ocm52197585 | ||
| 040 |
_aDLC _cDLC _dNLM _dNLGGC _dBTCTA _dYDXCP |
||
| 016 | 7 |
_a101204907 _2DNLM |
|
| 020 | _a0072523425 | ||
| 020 | _a9780072523423 | ||
| 035 | _a(OCoLC)52197585 | ||
| 050 | 1 | 4 |
_aBF 76.5 _bC882m 2004 |
| 082 | 0 | 0 | _a150.72 |
| 049 | _aGRAL | ||
| 100 | 1 | _aCozby, Paul C. | |
| 245 | 1 | 0 |
_aMethods in behavioral research / _cPaul C. Cozby. |
| 250 | _a8th ed. | ||
| 260 |
_aBoston : _bMcGraw-Hill, _cc2004. |
||
| 300 |
_a396 p. : _bill. ; _c24 cm. |
||
| 504 | _aIncludes bibliographical references (p. 376-386) and index. | ||
| 650 | 0 |
_aPsychology _xResearch _xMethodology. |
|
| 650 | 0 |
_aSocial sciences _xResearch _xMethodology. |
|
| 650 | 4 | _aMetodología en psicología. | |
| 650 | 4 |
_aPsicología _xInvestigaciones. |
|
| 650 | 4 | _aPsicología experimental. | |
| 856 | 4 | 2 |
_3Publisher description _uhttp://www.loc.gov/catdir/description/mh031/2003051308.html |
| 856 | 4 | 1 |
_3Table of contents only _uhttp://www.loc.gov/catdir/enhancements/fy0701/2003051308-t.html |
| 938 |
_aBaker and Taylor _bBTCP _n2003051308 |
||
| 938 |
_aYBP Library Services _bYANK _n1995840 |
||
| 942 |
_2lcc _cbk |
||
| 994 |
_aC0 _bDRFGD |
||
| 999 |
_c92491 _d92491 |
||